Duck hunting in Australia and New Zealand /

Saved in:
Bibliographic Details
Main Author: Byrne, Jack
Format: Book
Language:English
Published: Wellington [N.Z.] : Reed, 1974.
Subjects:
LEADER 00987nam a2200289 i 4500
001 c000322381
003 CARM
005 00000000000000.0
008 741024s1974 nz a b 00110 eng
015 |a NZ*** 
019 1 |a 595604  |z 6687974  |5 LACONCORD2021 
020 |a 0589007572 
035 |a (OCoLC)1094693  |5 LACONCORD2021 
043 |a u-at---  |a u-nz--- 
050 0 0 |a SK333.D8  |b B97 
100 1 |a Byrne, Jack. 
245 1 0 |a Duck hunting in Australia and New Zealand /  |c Jack Byrne. 
260 |a Wellington [N.Z.] :  |b Reed,  |c 1974. 
300 |a 243 p. :  |b ill. ;  |c 22 cm. 
500 |a Includes index. 
504 |a Bibliography: p. 242. 
650 0 |a Duck shooting  |z Australia. 
650 0 |a Duck shooting  |z New Zealand. 
852 8 |b CARM  |h A1:AL18G0  |i B10075  |p 0448264  |f BK 
082 0 4 |a 799.2/48/41 
999 f f |i e4bfc3e2-8c1b-5651-8cc6-dbda4afa1960  |s 56881f04-72fa-545c-a293-cd1a1c24809b 
952 f f |p Can circulate  |a CAVAL  |b CAVAL  |c CAVAL  |d CARM 1 Store  |e B10075  |f A1:AL18G0  |h Other scheme  |i book  |m 0448264